Normal view
MARC view
Entry Personal Name
001 - CONTROL NUMBER
- control field: 84403
003 - CONTROL NUMBER IDENTIFIER
- control field: dpl
005 - DATE AND TIME OF LATEST TRANSACTION
- control field: 20250827153349.0
008 - FIXED-LENGTH DATA ELEMENTS
- fixed length control field: 250827|| aca||aabn | a|a d
040 ## - CATALOGING SOURCE
- Original cataloging agency: dpl
- Transcribing agency: dpl
100 ## - HEADING--PERSONAL NAME
- Personal name: Tiwari, Girija Shankar
670 ## - SOURCE DATA FOUND
- Source citation: Work cat.: (dpl)213187: Tiwari, Girija Shankar, NEET Physics Vol - I & II,-2025/, 2025
